Test wiedzy o Polsce - Statystyki

Ogólne statystyki
  • Ten quiz został rozwiązany 103 razy
  • Średni wynik to 10 z 10
Statystyki odpowiedzi
Pytania Odpowiedź % Poprawnych
2. Stolica Polski Warszawa
100%
3. Drugie największe miasto pod względem ludzi Kraków
99%
6. Czy Polska jest większa od Japonii Nie
99%
10. Czy Polska jest większa niż Oman Tak
99%
9. Jaka jest najdłuższa rzeka w Polsce Wisła
99%
7. W którym roku Polska przyjeła chrzest 966
96%
5. Najpopularniejsze nazwisko w 2023 i 2024 roku Nowak
95%
1. Pełna nazwa Polski Rzeczpospolita Polska
95%
4. pierwszy król polski Bolesław Chrobry
88%
8. 5 największe miasto pod względem wielkości Wrocław
84%
Nie znaleziono quizów pasujących do podanych kryteriów
Rozkład punktacji
Procent ludzi z każdym wynikiem
Percentyl według liczby udzielonych odpowiedzi
Twoja historia wyników
Nie rozwiązałeś tego quizu